Filosofía de la religión

Wedi'i Gadw mewn:
Manylion Llyfryddiaeth
Prif Awdur: Hick, John (Awdur)
Fformat: Llyfr
Iaith:Sbaeneg
Cyhoeddwyd: Ciudad de México UTEHA 1965
Cyfres:Manuales Uteha, 288
Pynciau:
Tagiau: Ychwanegu Tag
Dim Tagiau, Byddwch y cyntaf i dagio'r cofnod hwn!

MARC

LEADER 00000nam a2200000 a 4500
001 UCS9558
003 CL-VaPUC
008 971121e19650000MX |||||||||||||||||spa|d
082 0 4 |a 200.1  |b HIC  |2 21 
100 0 |a Hick, John  |e author  |9 394737 
245 1 0 |a Filosofía de la religión 
300 |a 180 P 
942 |c BK 
945 |d 19971121 00:00:00  |a jquezada 
260 |a Ciudad de México  |b UTEHA  |c 1965 
650 0 |a Cristianismo  |9 257361 
650 0 |a Religión   |9 255164 
650 0 |a Filosofía de la religión   |9 256017 
650 0 |a Dios   |9 266622 
650 0 |a Sociología   |9 255410 
650 7 |a INMORTALIDAD  |2 CL-VaPUC  |9 320467 
650 0 |a Fe  |9 308036 
650 7 |a DOCTRINA  |2 CL-VaPUC  |9 378331 
650 0 |a Teodicea  |9 315235 
583 |a last modification  |c 19971121 00:00:00  |k Rodrigo Vera 
490 0 |a Manuales Uteha, 288 
999 |c 263341  |d 263339 
952 |0 0  |1 0  |4 0  |6 200_100000000000000_HIC_1965  |7 0  |8 A  |9 292577  |a BIBTEO  |b BIBTEO  |d 2019-11-19  |i 3368114  |l 1  |o 200.1 HIC 1965  |p 3368114  |r 2025-01-17  |s 2022-09-27  |w 2019-11-19  |y BK  |k ICR